000 01058nam a2200241 i 4500
001 86117
003 ES-MaACL
005 20250728043239.0
007 t|
008 041207q1975 sp ||||1| spa d
100 1 _aKernig, C. D.
_967920
245 1 0 _aMarxismo y democracia
_b: [enciclopedia de conceptos básicos] /
_cdirección, C.D. Kernig.
260 _a[Madrid] :
_bRioduero,
_c[1975-]
300 _a1 tom. en 4 vols. ;
_c21 cm.
505 8 _aContiene: T.I.: Economía / director de la serie, Gottfried Frenzel ; [traducido, Gonzalo Gálvez-Freund ; y adaptación de la bibliografía, Alberto Parejo]. -- V.I: Acumulación-ciclos. -- V.II.: Comecon-Contabilidad nacional. -- V.III.: Cooperativas-Economía. -- V.IV.: Economía agraria: estructura de la población activa
650 0 4 _aMarxismo.
_914803
650 7 _aDemocracia
_2embne
_911574
700 1 _aFrenzel, Gottfried.
_952514
700 1 _aGálvez-Freund, Gonzalo.
_953720
700 1 _aParejo Gámir, Alberto.
_989072
852 _aES-MaACL
_jP-424
_bR.95898
999 _c86117
_d86117